000 00348pam a2200157a 44500
008 230515b1914 xxu||||| |||| 00| 0 eng d
020 _aNULL
041 _aMARATHI
082 _a1
100 _aPADHE
245 _aSARTH SHRICARAK SAMHITA-4
250 _a1
260 _aNA
_bN.D.
_c1914
300 _a100
650 _aSARTH SHRICARAK SAMHITA-4
999 _c496940
_d496940